<?xml version="1.0" encoding="UTF-8"?><?xml-stylesheet type="text/xsl" href="static/style.xsl"?><OAI-PMH xmlns="http://www.openarchives.org/OAI/2.0/" xmlns:xsi="http://www.w3.org/2001/XMLSchema-instance" xsi:schemaLocation="http://www.openarchives.org/OAI/2.0/ http://www.openarchives.org/OAI/2.0/OAI-PMH.xsd"><responseDate>2026-05-17T01:15:42Z</responseDate><request verb="GetRecord" identifier="oai:repisalud.isciii.es:20.500.12105/25835" metadataPrefix="marc">https://repisalud.isciii.es/rest/oai/request</request><GetRecord><record><header><identifier>oai:repisalud.isciii.es:20.500.12105/25835</identifier><datestamp>2025-12-18T12:54:52Z</datestamp><setSpec>com_20.500.12105_19586</setSpec><setSpec>com_20.500.12105_2202</setSpec><setSpec>col_20.500.12105_19587</setSpec></header><metadata><record xmlns="http://www.loc.gov/MARC21/slim" xmlns:dcterms="http://purl.org/dc/terms/" xmlns:doc="http://www.lyncode.com/xoai" xmlns:xsi="http://www.w3.org/2001/XMLSchema-instance" xsi:schemaLocation="http://www.loc.gov/MARC21/slim http://www.loc.gov/standards/marcxml/schema/MARC21slim.xsd">
   <leader>00925njm 22002777a 4500</leader>
   <datafield ind2=" " ind1=" " tag="042">
      <subfield code="a">dc</subfield>
   </datafield>
   <datafield ind2=" " ind1=" " tag="720">
      <subfield code="a">Hernandez Sevillano, Joel</subfield>
      <subfield code="e">author</subfield>
   </datafield>
   <datafield ind2=" " ind1=" " tag="720">
      <subfield code="a">Babagoli, Masih A</subfield>
      <subfield code="e">author</subfield>
   </datafield>
   <datafield ind2=" " ind1=" " tag="720">
      <subfield code="a">Chen, Yitong</subfield>
      <subfield code="e">author</subfield>
   </datafield>
   <datafield ind2=" " ind1=" " tag="720">
      <subfield code="a">Liu, Shelley H</subfield>
      <subfield code="e">author</subfield>
   </datafield>
   <datafield ind2=" " ind1=" " tag="720">
      <subfield code="a">Mellacheruvu, Pranav</subfield>
      <subfield code="e">author</subfield>
   </datafield>
   <datafield ind2=" " ind1=" " tag="720">
      <subfield code="a">Johnson, Janet</subfield>
      <subfield code="e">author</subfield>
   </datafield>
   <datafield ind2=" " ind1=" " tag="720">
      <subfield code="a">Ibanez, Borja</subfield>
      <subfield code="e">author</subfield>
   </datafield>
   <datafield ind2=" " ind1=" " tag="720">
      <subfield code="a">Lorenzo, Oscar</subfield>
      <subfield code="e">author</subfield>
   </datafield>
   <datafield ind2=" " ind1=" " tag="720">
      <subfield code="a">Mechanick, Jeffrey I</subfield>
      <subfield code="e">author</subfield>
   </datafield>
   <datafield ind2=" " ind1=" " tag="260">
      <subfield code="c">2024-12</subfield>
   </datafield>
   <datafield ind2=" " ind1=" " tag="520">
      <subfield code="a">Adiposity, dysglycemia, and hypertension are metabolic drivers that have causal interactions with each other. However, the effect of neighborhood-level disadvantage on the intensity of interactions among these metabolic drivers has not been studied. The objective of this study is to determine whether the strength of the interplay between these drivers is affected by neighborhood-level disadvantage. This cross-sectional study analyzed patients presenting to a multidisciplinary preventive cardiology center in New York City, from March 2017 to February 2021. Patients' home addresses were mapped to the Area Deprivation Index to determine neighborhood disadvantage. The outcomes of interest were correlation coefficients (range from -1 to +1) among the various stages (0 - normal, 1 - risk, 2 - predisease, 3 - disease, and 4 - complications) of abnormal adiposity, dysglycemia, and hypertension at presentation, stratified by neighborhood disadvantage. The cohort consisted of 963 patients (age, median [IQR] 63.8 [49.7-72.5] years; 624 [65.1 %] female). The correlation among the various stages of adiposity, dysglycemia, and hypertension was weaker with increasing neighborhood disadvantage (P for trend &lt;0.001). Specifically, the correlation describing adiposity, dysglycemia, and hypertension interaction was weaker in the high neighborhood disadvantage group compared to the intermediate neighborhood disadvantage group (median [IQR]: 0.34 [0.27, 0.44] vs. median [IQR]: 0.39 [0.34, 0.45]; P &lt; 0.001) and compared to the low neighborhood disadvantage group (median [IQR]: 0.34 [0.27, 0.44] vs. median [IQR]: 0.54 [0.52, 0.57]; P &lt; 0.001), as well as weaker in the intermediate neighborhood disadvantage group compared to the low neighborhood disadvantage group (median [IQR]: 0.39 [0.34, 0.45] vs. 0.54 median [IQR]: 0.54 [0.52, 0.57]; P &lt; 0.001). Interactions among the various stages of abnormal adiposity, dysglycemia, and hypertension with each other are weaker with increasing neighborhood disadvantage. Factors related to neighborhood-level disadvantage, other than abnormal adiposity, might play a crucial role in the development of dysglycemia and hypertension.</subfield>
   </datafield>
   <datafield ind1="8" ind2=" " tag="024">
      <subfield code="a">Int J Cardiol Cardiovasc Risk Prev. 2024 Aug 19:23:200322.</subfield>
   </datafield>
   <datafield ind1="8" ind2=" " tag="024">
      <subfield code="a">International Journal of Cardiology. Cardiovascular Risk and Prevention</subfield>
   </datafield>
   <datafield ind1="8" ind2=" " tag="024">
      <subfield code="a">39282603</subfield>
   </datafield>
   <datafield ind1="8" ind2=" " tag="024">
      <subfield code="a">https://hdl.handle.net/20.500.12105/25835</subfield>
   </datafield>
   <datafield tag="653" ind2=" " ind1=" ">
      <subfield code="a">Adiposity</subfield>
   </datafield>
   <datafield tag="653" ind2=" " ind1=" ">
      <subfield code="a">Dysglycemia</subfield>
   </datafield>
   <datafield tag="653" ind2=" " ind1=" ">
      <subfield code="a">Hypertension</subfield>
   </datafield>
   <datafield tag="653" ind2=" " ind1=" ">
      <subfield code="a">Social determinants of health</subfield>
   </datafield>
   <datafield ind2="0" ind1="0" tag="245">
      <subfield code="a">Higher neighborhood disadvantage is associated with weaker interactions among cardiometabolic drivers.</subfield>
   </datafield>
</record></metadata></record></GetRecord></OAI-PMH>